Eu escolhi esperar: um amor para a vida inteira (Record no. 193000)

MARC details
000 -LÍDER
campo de controle de tamanho fixo 00409 a2200157 4500
001 - NÚMERO DE CONTROLE
campo de controle 193000
020 ## - ISBN - INTERNATIONAL STANDARD BOOK NUMBER
ISBN - International Standard Book Number 978-85-63080-98-0
040 ## - FONTE DA CATALOGAÇÃO
Instituição que transcreveu o registro Magnum
100 ## - ENTRADA PRINCIPAL--NOME PESSOAL
Nome pessoal Ferreira Neto Junior, Nelson Pinto
240 10 - TÍTULO UNIFORME
Título uniforme Eu escolhi esperar: um amor para a vida inteira
Idioma da obra por
245 10 - TÍTULO
Título Eu escolhi esperar: um amor para a vida inteira
300 ## - DESCRIÇÃO FÍSICA
Extensão 96
362 0# - DATAS DE PUBLICAÇÃO E/OU DESIGNAÇÃO SEQUENCIAL
Datas de publicação e/ou designação sequencial 2012
697 ## - ENTRADA DE ASSUNTO LOCAL--ENTIDADE COLETIVA (RLIN)
Nome corporativo ou nome da jurisdição LITERATURA GERAL
942 ## - ELEMENTOS DE ENTRADA ADICIONADOS (KOHA)
Tipo de material Koha Livros
Holdings
Situação do descarte Situação das perdas Situação física Não pode ser emprestado Biblioteca de origem Biblioteca atual Data de aquisição Total de empréstimos Número de chamada completo Código de barras Data de último acesso Data do preço efetivo Tipo de material Koha
        Magnum Magnum 08/06/2024   869.4.874 MAG00071901 08/06/2024 08/06/2024 Livros